000
00465nam a2200157Ia 4500
008
090124s9999 xx 000 0 und d
082
_b
102439
245
_a
केवळ स्वराज्यासाठी
250
_a
1
260
_c
1946
300
_a
110
630
_a
केवळ स्वराज्यासाठी
700
_a
जोशी वा. म.
730
_a
केवळ स्वराज्यासाठी
942
_c
BOOK
999
_c
148531
_d
148531